00441nam a2200157Ia 4500020001800000082001800018245004700036260004200083300001300125504001900138650002700157650003800184650002900222700001600251700001600267 a0-19-858409-1 aRR 423.1 OXF- 0aOxford dictionary of scientific quotations aOxfordbOxford University Pressc2005 axvi, 712 aincludes index aDictionaryvScientific aSciencevQuotationsvDictionaries aQuotationsvDictionaries aPorter, Roy aBynum, W.F.